000 00722cab a2200205 4500
001 ABS41591
008 090401t1989 xxu||||| |||| 00| 0 eng d
035 _a(Sirsi) u31070
041 _aeng
100 _aSanders, A.
245 _aContracts hit new minefield
260 _c1989
350 _a0
490 _aEstates Times
_v(1017), 20 October 1989, 30(1)
520 _aThe Law of Property (Miscellaneous Provisions) Act 1989 came into force in September 1989. Describes the implications of ss2-3, summarising points which must be be considered in contracts for the sale of an interest in land.
650 _aLAW OF PROPERTY ACT 1925
690 _aPROPERTY LAW AND PRACTICE
942 _n0
948 _c04/03/1997
999 _c20883
_d20883